[Event "Polgar Challenge 2021"]
[Site "Online"]
[Date "2021.04.04"]
[Round "14.6"]
[White "Yip, Carissa"]
[Black "Keymer, Vincent"]
[Result "0-1"]
[WhiteElo "2430"]
[BlackElo "2591"]
[Annotator "ChessBase"]
[PlyCount "86"]
[EventDate "2021.04.08"]
[EventType "tourn"]
[EventCountry "NET"]
[SourceTitle "playchess.com"]
[Source "ChessBase"]
[SourceQuality "1"]
[TimeControl "600+5"]

1. e4 {[%emt 0:00:00]} c5 {[%emt 0:00:00]} 2. Nf3 {[%emt 0:00:00]} d6 {[%emt 0:00:00]} 3. d4 {[%emt 0:00:00]} cxd4 {[%emt 0:00:00]} 4. Nxd4 {[%emt 0:00:00]} Nf6 {[%emt 0:00:00]} 5. Nc3 {[%emt 0:00:00]} a6 {[%emt 0:00:00]} 6. Bg5 {[%emt 0:00:05]} e6 {[%emt 0:00:00]} 7. f4 {[%emt 0:00:03]} Qb6 {[%emt 0:00:01]} 8. Qd2 {[%emt 0:00:15]} Qxb2 {[%emt 0:00:02]} 9. Rb1 {[%emt 0:00:01]} Qa3 {[%emt 0:00:02]} 10. f5 {[%emt 0:00:03]} Be7 {[%emt 0:00:15]} 11. Be2 {[%emt 0:00:15]} O-O {[%emt 0:02:42]} 12. Be3 {[%emt 0:00:18]} Qa5 {[%emt 0:01:09]} 13. g4 {[%emt 0:00:33]} Qd8 {[%emt 0:01:01]} 14. g5 {[%emt 0:00:06]} Nfd7 {[%emt 0:00:11]} 15. Rg1 {[%emt 0:01:05]} Nc6 {[%emt 0:00:39]} 16. f6 {[%emt 0:02:05]} Nxf6 {[%emt 0:00:01]} 17. gxf6 {[%emt 0:00:01]} Bxf6 {[%emt 0:00:01]} 18. Nf3 {[%emt 0:00:56]} b5 {[%emt 0:00:32]} 19. Bg5 {[%emt 0:00:28]} Bb7 {[%emt 0:00:15]} 20. Nd1 {[%emt 0:00:18]} Rc8 {[%emt 0:00:48]} 21. Nf2 {[%emt 0:00:58]} Bxg5 {[%emt 0:00:41]} 22. Qxg5 {[%emt 0:00:32]} Qxg5 {[%emt 0:00:05]} 23. Rxg5 {[%emt 0:00:01]} Ba8 {[%emt 0:00:21]} 24. Kd2 {[%emt 0:00:12]} f6 {[%emt 0:00:31]} 25. Rgg1 {[%emt 0:00:26]} Rfd8 {[%emt 0:00:05]} 26. Rgd1 {[%emt 0:00:25]} Rc7 {[%emt 0:00:17]} 27. Ke1 {[%emt 0:00:13]} Kf7 {[%emt 0:00:08]} 28. c4 {[%emt 0:00:29]} b4 {[%emt 0:00:04]} 29. Nd3 {[%emt 0:00:23]} a5 {[%emt 0:00:02]} 30. c5 {[%emt 0:00:08]} d5 {[%emt 0:00:24]} 31. exd5 {[%emt 0:00:10]} Rxd5 {[%emt 0:00:00]} 32. Rbc1 {[%emt 0:00:12]} Ne7 {[%emt 0:00:10]} 33. Rc4 {[%emt 0:00:36]} Bb7 {[%emt 0:00:19]} 34. Rd4 {[%emt 0:00:08]} e5 {[%emt 0:00:02]} 35. Rxd5 {[%emt 0:00:36]} Nxd5 {[%emt 0:00:00]} 36. c6 {[%emt 0:00:28]} Bxc6 {[%emt 0:00:15]} 37. Ndxe5+ {[%emt 0:00:20]} fxe5 {[%emt 0:00:03]} 38. Bc4 {[%emt 0:00:01]} Ke6 {[%emt 0:00:11]} 39. Kf2 {[%emt 0:00:05]} Bb7 {[%emt 0:00:41]} 40. Bb3 {[%emt 0:00:06]} a4 {[%emt 0:00:08]} 41. Bxa4 {[%emt 0:00:01]} Rf7 {[%emt 0:00:09]} 42. Bb3 {[%emt 0:00:04]} e4 {[%emt 0:00:03]} 43. Re1 {[%emt 0:00:12]} Rxf3+ {[%emt 0:00:02]} 0-1

[Event "Polgar Challenge 2021"]
[Site "Online"]
[Date "2021.04.04"]
[Round "14.7"]
[White "Praggnanandhaa R"]
[Black "Gukesh D"]
[Result "1/2-1/2"]
[WhiteElo "2608"]
[BlackElo "2578"]
[Annotator "TA"]
[PlyCount "92"]
[EventDate "2021.04.08"]
[EventType "tourn"]
[EventCountry "NET"]
[SourceTitle "playchess.com"]
[Source "ChessBase"]
[SourceQuality "1"]

{[%evp 13,92,22,31,29,24,24,25,32,38,28,74,68,73,54,60,66,80,13,22,14,31,27,23,40,96,93,160,160,164,146,144,155,136,141,145,146,137,134,129,135,142,142,237,239,320,328,302,283,527,511,507,489,516,431,380,55,58,63,67,81,79,0,0,0,8,0,0,0,0,0,0,0,0,0,0,0,0,0,0,0,0]} 1. d4 d5 2. c4 e6 3. Nf3 Nf6 4. Nc3 c5 5. cxd5 exd5 6. Bg5 Be6 7. Bxf6 Qxf6 8. e4 {D32: Tarrasch Defence: Sidelines and lines without g3.} dxe4 9. Nxe4 Qf4 10. Bb5+ {White has an edge.} Nc6 11. Qe2 {Strongly threatening d5!} O-O-O 12. Bxc6 (12. dxc5 Bd5 $15) 12... bxc6 13. O-O $1 ({Weaker is} 13. dxc5 Bd5 $15) 13... Bd5 14. Rfe1 ({But not} 14. Nxc5 Bxc5 15. Qa6+ (15. dxc5 Bc4 $17) 15... Kb8 $15) 14... cxd4 {White should prevent ...Bb4.} 15. Qa6+ (15. g3 $16 Qc7 16. Nxd4) 15... Kb8 $11 16. Nxd4 Bb4 $1 {[%cal Rb4e1] [#]} 17. g3 $1 Qc7 18. Nc3 {[#]} Bxc3 $146 (18... Qb7 $14 19. Qa4 Bh1 20. Kxh1 Rxd4) ({Predecessor:} 18... Qb7 19. Qa4 Bh1 20. Kxh1 Rxd4 21. Qc2 h5 22. Qf5 Ka8 23. a3 Bxc3 24. bxc3 Rd5 {½-½ (36) Nozicka,V (2018)-Green,M (2047) ICCF email 2017}) 19. bxc3 $16 {[%cal Bb2c3,Bc3c4][%mdl 32] Threatens to win with c4.} Rhe8 {[#]} ({Black should play} 19... Ka8) 20. c4 $1 $36 {[%cal Rc4d5][%mdl 2048] White has strong initiative.} Rxe1+ 21. Rxe1 Bh1 22. Kxh1 Rxd4 {[%mdl 4096] Endgame KQR-KQR} 23. Re8+ Rd8 24. Rxd8+ {[%mdl 64] Overworked Piece} Qxd8 25. Qxc6 {KQ-KQ} Qc7 26. Qd5 Qb7 {[#]} 27. Kg2 $1 Qc7 (27... Qe7 $16 {was worth a try.} 28. Qd4 g6) 28. Kf3 $18 g6 29. c5 Kc8 30. h4 h5 (30... a5 31. Kg4 f6) 31. Ke4 Qe7+ 32. Kd3 {aiming for Qa8+.} Kc7 33. f4 f6 34. f5 $2 (34. Kd4 $18 Qf8 35. f5 gxf5 36. Qxf5) 34... gxf5 $14 35. Qxf5 Qe1 {And now ...Qb1+ would win.} 36. Qf4+ Kc8 37. Kc4 (37. Qf3 $16) 37... Qe2+ $11 {The position is equal.} 38. Kb3 (38. Kd5 {seems wilder.} Qxa2+ 39. Kd6 Qf7 40. Qf5+ Kd8 41. g4) 38... Qb5+ (38... Qd3+ {is more complex.} 39. Kb2 f5 40. c6 Qb5+ 41. Ka1 Qc5) 39. Qb4 Qd3+ 40. Qc3 Qb5+ 41. Ka3 Qa6+ 42. Kb2 Qe2+ 43. Qc2 Qe5+ 44. Qc3 {Black must now prevent Qxe5.} Qe2+ 45. Ka3 Qa6+ 46. Kb2 Qe2+ {White really could win this.  Weighted Error Value: White=0.23/Black=0.16} 1/2-1/2

[Event "Polgar Challenge 2021"]
[Site "Online"]
[Date "2021.04.04"]
[Round "14.8"]
[White "Salimova, Nurgyul"]
[Black "Bjerre, Jonas Buhl"]
[Result "1/2-1/2"]
[WhiteElo "2397"]
[BlackElo "2550"]
[Annotator "ChessBase"]
[PlyCount "148"]
[EventDate "2021.04.08"]
[EventType "tourn"]
[EventCountry "NET"]
[SourceTitle "playchess.com"]
[Source "ChessBase"]
[SourceQuality "1"]
[TimeControl "600+5"]

1. d4 {[%emt 0:00:00]} Nf6 {[%emt 0:00:00]} 2. Nf3 {[%emt 0:00:01]} d5 {[%emt 0:00:00]} 3. c4 {[%emt 0:00:04]} e6 {[%emt 0:00:00]} 4. g3 {[%emt 0:00:01]} Bb4+ {[%emt 0:00:01]} 5. Bd2 {[%emt 0:00:03]} Be7 {[%emt 0:00:01]} 6. Bg2 {[%emt 0:00:07]} O-O {[%emt 0:00:01]} 7. O-O {[%emt 0:00:23]} c6 {[%emt 0:00:02]} 8. Bf4 {[%emt 0:00:10]} dxc4 {[%emt 0:00:03]} 9. Ne5 {[%emt 0:00:24]} Nd5 {[%emt 0:00:01]} 10. Nxc4 {[%emt 0:00:03]} Nxf4 {[%emt 0:00:01]} 11. gxf4 {[%emt 0:00:01]} Qc7 {[%emt 0:00:01]} 12. e3 {[%emt 0:00:15]} Nd7 {[%emt 0:00:11]} 13. Nc3 {[%emt 0:00:16]} b6 {[%emt 0:00:24]} 14. Rc1 {[%emt 0:00:40]} Bb7 {[%emt 0:00:06]} 15. Qf3 {[%emt 0:00:17]} Rab8 {[%emt 0:01:24]} 16. Qg3 {[%emt 0:00:27]} f5 {[%emt 0:01:22]} 17. Ne5 {[%emt 0:00:31]} Nxe5 {[%emt 0:00:35]} 18. dxe5 {[%emt 0:00:07]} Rbd8 {[%emt 0:01:09]} 19. Nb5 {[%emt 0:00:30]} Qd7 {[%emt 0:00:10]} 20. Nd4 {[%emt 0:00:24]} c5 {[%emt 0:00:53]} 21. Nxe6 {[%emt 0:03:02]} Qxe6 {[%emt 0:00:43]} 22. Bxb7 {[%emt 0:00:01]} Rd2 {[%emt 0:00:15]} 23. Ba6 {[%emt 0:00:29]} Kh8 {[%emt 0:00:40]} 24. Bc4 {[%emt 0:00:06]} Qc6 {[%emt 0:00:14]} 25. Rfd1 {[%emt 0:01:17]} Rxb2 {[%emt 0:00:35]} 26. Bd5 {[%emt 0:00:02]} Qh6 {[%emt 0:00:04]} 27. Rb1 {[%emt 0:00:57]} Rxb1 {[%emt 0:01:27]} 28. Rxb1 {[%emt 0:00:02]} Rd8 {[%emt 0:00:01]} 29. Qg2 {[%emt 0:00:12]} Qg6 {[%emt 0:00:37]} 30. Qxg6 {[%emt 0:00:44]} hxg6 {[%emt 0:00:03]} 31. Bf7 {[%emt 0:00:09]} Kh7 {[%emt 0:00:31]} 32. Kg2 {[%emt 0:00:08]} Rd2 {[%emt 0:00:06]} 33. h4 {[%emt 0:00:06]} Kh6 {[%emt 0:00:12]} 34. Rh1 {[%emt 0:00:35]} b5 {[%emt 0:00:22]} 35. Rh3 {[%emt 0:00:08]} c4 {[%emt 0:00:14]} 36. Rg3 {[%emt 0:00:03]} c3 {[%emt 0:00:14]} 37. Rxg6+ {[%emt 0:00:03]} Kh7 {[%emt 0:00:01]} 38. Rc6 {[%emt 0:00:06]} c2 {[%emt 0:00:08]} 39. Bg6+ {[%emt 0:00:04]} Kg8 {[%emt 0:00:02]} 40. Rc8+ {[%emt 0:00:07]} Rd8 {[%emt 0:00:15]} 41. Rxc2 {[%emt 0:00:03]} Bxh4 {[%emt 0:00:02]} 42. Bxf5 {[%emt 0:00:04]} b4 {[%emt 0:00:06]} 43. Be6+ {[%emt 0:00:05]} Kh8 {[%emt 0:00:04]} 44. Kf3 {[%emt 0:00:06]} g6 {[%emt 0:00:05]} 45. Rc1 {[%emt 0:00:08]} Kg7 {[%emt 0:00:08]} 46. Rc7+ {[%emt 0:00:02]} Kh6 {[%emt 0:00:01]} 47. Rxa7 {[%emt 0:00:04]} Rd2 {[%emt 0:00:01]} 48. Ra8 {[%emt 0:00:10]} Rxf2+ {[%emt 0:00:05]} 49. Kg4 {[%emt 0:00:06]} Be7 {[%emt 0:00:04]} 50. Rh8+ {[%emt 0:00:03]} Kg7 {[%emt 0:00:03]} 51. Rg8+ {[%emt 0:00:01]} Kh6 {[%emt 0:00:02]} 52. Re8 {[%emt 0:00:08]} Bc5 {[%emt 0:00:01]} 53. f5 {[%emt 0:00:10]} gxf5+ {[%emt 0:00:03]} 54. Bxf5 {[%emt 0:00:01]} Bxe3 {[%emt 0:00:02]} 55. Be6 {[%emt 0:00:08]} Bd4 {[%emt 0:00:05]} 56. Bb3 {[%emt 0:00:05]} Re2 {[%emt 0:00:06]} 57. Kf5 {[%emt 0:00:03]} Kg7 {[%emt 0:00:04]} 58. Rg8+ {[%emt 0:00:03]} Kh7 {[%emt 0:00:01]} 59. Re8 {[%emt 0:00:06]} Kg7 {[%emt 0:00:04]} 60. e6 {[%emt 0:00:08]} Bc5 {[%emt 0:00:03]} 61. Rc8 {[%emt 0:00:04]} Be7 {[%emt 0:00:04]} 62. Rc7 {[%emt 0:00:03]} Kf8 {[%emt 0:00:01]} 63. Rb7 {[%emt 0:00:04]} Re1 {[%emt 0:00:03]} 64. Kg6 {[%emt 0:00:06]} Rg1+ {[%emt 0:00:03]} 65. Kf5 {[%emt 0:00:01]} Re1 {[%emt 0:00:01]} 66. Rb8+ {[%emt 0:00:04]} Kg7 {[%emt 0:00:01]} 67. Re8 {[%emt 0:00:02]} Bc5 {[%emt 0:00:03]} 68. Rc8 {[%emt 0:00:09]} Be7 {[%emt 0:00:01]} 69. Rc2 {[%emt 0:00:04]} Kf8 {[%emt 0:00:13]} 70. Rg2 {[%emt 0:00:04]} Re3 {[%emt 0:00:11]} 71. Rh2 {[%emt 0:00:09]} Kg7 {[%emt 0:00:07]} 72. Rg2+ {[%emt 0:00:01]} Kf8 {[%emt 0:00:02]} 73. Kf4 {[%emt 0:00:04]} Re1 {[%emt 0:00:03]} 74. Kf5 {[%emt 0:00:06]} Re3 {[%emt 0:00:04]} 1/2-1/2

[Event "Polgar Challenge 2021"]
[Site "Online"]
[Date "2021.04.04"]
[Round "14.10"]
[White "Liang, Awonder"]
[Black "Yoo, Christopher Woojin"]
[Result "1-0"]
[WhiteElo "2592"]
[BlackElo "2455"]
[Annotator "ChessBase"]
[PlyCount "69"]
[EventDate "2021.04.08"]
[EventType "tourn"]
[EventCountry "NET"]
[SourceTitle "playchess.com"]
[Source "ChessBase"]
[SourceQuality "1"]
[TimeControl "600+5"]

1. e4 {[%emt 0:00:00]} c5 {[%emt 0:00:00]} 2. Nf3 {[%emt 0:00:00]} e6 {[%emt 0:00:00]} 3. Nc3 {[%emt 0:00:00]} Nc6 {[%emt 0:00:01]} 4. d4 {[%emt 0:00:00]} cxd4 {[%emt 0:00:07]} 5. Nxd4 {[%emt 0:00:01]} Nf6 {[%emt 0:00:18]} 6. Nxc6 {[%emt 0:00:07]} bxc6 {[%emt 0:00:00]} 7. Bd3 {[%emt 0:00:01]} d5 {[%emt 0:00:04]} 8. O-O {[%emt 0:00:01]} Be7 {[%emt 0:00:01]} 9. e5 {[%emt 0:00:16]} Nd7 {[%emt 0:00:03]} 10. Re1 {[%emt 0:00:02]} c5 {[%emt 0:01:21]} 11. Qg4 {[%emt 0:00:10]} g6 {[%emt 0:00:11]} 12. Bh6 {[%emt 0:00:10]} c4 {[%emt 0:00:46]} 13. Bf1 {[%emt 0:00:02]} Bf8 {[%emt 0:01:08]} 14. Bxf8 {[%emt 0:00:36]} Kxf8 {[%emt 0:00:03]} 15. b3 {[%emt 0:00:01]} cxb3 {[%emt 0:02:11]} 16. axb3 {[%emt 0:00:00]} Kg7 {[%emt 0:00:16]} 17. Nb5 {[%emt 0:00:14]} a6 {[%emt 0:00:38]} 18. Qf4 {[%emt 0:00:10]} Qe7 {[%emt 0:00:55]} 19. Nd6 {[%emt 0:00:19]} a5 {[%emt 0:00:51]} 20. c4 {[%emt 0:01:41]} dxc4 {[%emt 0:00:13]} 21. bxc4 {[%emt 0:00:59]} a4 {[%emt 0:00:07]} 22. Ra3 {[%emt 0:00:15]} Ra5 {[%emt 0:00:46]} 23. Qd4 {[%emt 0:00:06]} Rd8 {[%emt 0:00:39]} 24. Qc3 {[%emt 0:00:29]} Ra6 {[%emt 0:00:23]} 25. Qb4 {[%emt 0:01:19]} Kg8 {[%emt 0:00:43]} 26. Rxa4 {[%emt 0:00:06]} Rxa4 {[%emt 0:00:04]} 27. Qxa4 {[%emt 0:00:01]} Nxe5 {[%emt 0:00:07]} 28. Nxc8 {[%emt 0:00:03]} Qg5 {[%emt 0:00:03]} 29. Rxe5 {[%emt 0:00:05]} Qc1 {[%emt 0:00:17]} 30. Ne7+ {[%emt 0:00:12]} Kg7 {[%emt 0:00:05]} 31. c5 {[%emt 0:00:06]} Rd1 {[%emt 0:00:03]} 32. Qb5 {[%emt 0:00:01]} Qf4 {[%emt 0:00:08]} 33. Re3 {[%emt 0:00:08]} Rd2 {[%emt 0:00:07]} 34. Rf3 {[%emt 0:00:01]} Qg5 {[%emt 0:00:09]} 35. Qe8 {[%emt 0:00:03]} 1-0

[Event "Polgar Challenge 2021"]
[Site "Online"]
[Date "2021.04.04"]
[Round "15.1"]
[White "Yoo, Christopher Woojin"]
[Black "Zhu, Jiner"]
[Result "1/2-1/2"]
[WhiteElo "2455"]
[BlackElo "2459"]
[Annotator "TA"]
[PlyCount "148"]
[EventDate "2021.04.08"]
[EventType "tourn"]
[EventCountry "NET"]
[SourceTitle "playchess.com"]
[Source "ChessBase"]
[SourceQuality "1"]

{[%evp 20,148,17,14,13,20,16,16,12,12,14,12,60,0,10,0,0,0,0,0,8,2,4,8,27,0,6,10,14,0,0,-5,-1,-15,-3,-3,0,0,-2,-38,-30,-28,0,0,0,0,0,0,0,0,0,0,0,0,0,0,0,0,0,0,0,0,0,0,0,0,0,0,0,0,0,0,0,0,0,0,0,0,0,0,0,0,22,0,0,0,0,0,0,0,0,0,0,0,0,0,0,0,0,0,0,0,0,0,0,0,0,0,0,0,0,0,0,0,0,0,0,0,0,0,0,0,0,0,0,0,0,0,0,0,0]} 1. e4 e5 2. Nf3 Nc6 3. Bb5 a6 4. Ba4 Nf6 5. d4 exd4 6. O-O Be7 7. e5 Ne4 8. Nxd4 Nxd4 9. Qxd4 Nc5 10. Nc3 O-O 11. Bb3 d6 {C84: Closed Ruy Lopez: Unusual White 6th moves.} 12. Bf4 dxe5 13. Qxe5 Bd6 14. Qd4 Bxf4 15. Qxf4 Nxb3 16. axb3 (16. Rad1 $5 {[%cal Rd1d8]} Qf6 17. Qxf6 gxf6 18. cxb3 $14) 16... Be6 17. Rfe1 {[#]} Qd7 $146 ({Predecessor:} 17... Qd6 18. Qxd6 cxd6 19. Rad1 Rfd8 20. Re2 Rac8 21. Red2 Rc6 22. f3 Kf8 23. g4 Ke7 {0-1 (49) Izbinsky,S-Romanovsky,A St Petersburg 1906}) 18. Rad1 {[%cal Ba1d1,Bd1d3,Bd3g3][%mdl 32]} Qc6 19. Rd3 Rad8 20. Rg3 f6 21. h4 Kh8 22. Rge3 Rfe8 23. Qa4 Bd7 24. Rxe8+ Rxe8 25. Rxe8+ Bxe8 26. Qb4 {[%cal Rb4f8] [#]} (26. Qc4 {is interesting.} Bg6 27. Nd5 Bxc2 28. Nxc7 Bxb3 29. Qxc6 bxc6 30. Nxa6 g5 31. hxg5 fxg5 32. f3) 26... Kg8 27. Qe7 Qd7 28. Qe4 c6 29. Qf4 (29. Na4 {feels hotter.} Bf7 30. Nb6 Qd1+ 31. Kh2 h6 32. Nc4) 29... Bg6 30. Ne4 Bxe4 (30... Qd1+ {seems wilder.} 31. Kh2 h5 32. Nc5 Bxc2 33. b4 b6) 31. Qxe4 $11 {[%mdl 4096] Endgame KQ-KQ. The position is equal.} h6 (31... a5 {is interesting.} 32. Qc4+ Kh8 33. Qc5 h6 34. g3 Kh7) 32. g3 Kf7 33. Kg2 Qd6 34. b4 Qd7 35. h5 Qd6 36. c3 Qd7 37. g4 Qd6 38. Qg6+ Kf8 39. Qf5 Kf7 40. Qe4 Qd7 41. Qf4 Qd5+ 42. Kg3 Qd3+ 43. f3 Qd7 44. Qc4+ Kf8 45. Qf4 Kf7 46. Kf2 Kf8 47. Ke3 Qe6+ 48. Qe4 Qd6 49. Qf5 {Threatens to win with Qc8+.} Qe7+ 50. Kf2 Kf7 51. Qg6+ Kf8 52. Qd3 Qc7 53. Ke3 Qe5+ 54. Qe4 {[#] Hoping for Qxe5.} Qd6 55. Qd4 Qe6+ 56. Kf2 Qb3 57. Qd8+ Kf7 58. Qd7+ Kg8 59. Qe8+ Kh7 60. Qg6+ Kh8 61. Qe8+ Kh7 62. Qe2 Kh8 63. Kg3 Qf7 64. Qe4 Qb3 65. Qe2 Kh7 66. f4 Qd5 67. Qf3 Qd2 68. Qf2 Qd3+ 69. Kg2 Qe4+ 70. Kg3 Qd3+ 71. Qf3 Qc2 72. Qg2 Qd3+ 73. Qf3 Qc2 74. Qf2 Qd3+ {Weighted Error Value: White=0.04/Black=0.03} 1/2-1/2

[Event "Polgar Challenge 2021"]
[Site "Online"]
[Date "2021.04.04"]
[Round "15.2"]
[White "Shuvalova, Polina"]
[Black "Liang, Awonder"]
[Result "0-1"]
[WhiteElo "2476"]
[BlackElo "2592"]
[Annotator "ChessBase"]
[PlyCount "70"]
[EventDate "2021.04.08"]
[EventType "tourn"]
[EventCountry "NET"]
[SourceTitle "playchess.com"]
[Source "ChessBase"]
[SourceQuality "1"]
[TimeControl "600+5"]

1. d4 {[%emt 0:00:00]} Nf6 {[%emt 0:00:00]} 2. c4 {[%emt 0:00:00]} g6 {[%emt 0:00:00]} 3. Nc3 {[%emt 0:00:00]} Bg7 {[%emt 0:00:00]} 4. e4 {[%emt 0:00:00]} d6 {[%emt 0:00:00]} 5. Nf3 {[%emt 0:00:00]} O-O {[%emt 0:00:00]} 6. Be2 {[%emt 0:00:01]} e5 {[%emt 0:00:01]} 7. O-O {[%emt 0:00:01]} Nc6 {[%emt 0:00:01]} 8. d5 {[%emt 0:00:01]} Ne7 {[%emt 0:00:01]} 9. Bg5 {[%emt 0:00:01]} h6 {[%emt 0:00:11]} 10. Bd2 {[%emt 0:00:03]} a5 {[%emt 0:00:59]} 11. Rc1 {[%emt 0:00:13]} c5 {[%emt 0:00:46]} 12. dxc6 {[%emt 0:00:46]} bxc6 {[%emt 0:00:02]} 13. c5 {[%emt 0:00:21]} d5 {[%emt 0:00:06]} 14. exd5 {[%emt 0:00:43]} Nfxd5 {[%emt 0:00:02]} 15. Bc4 {[%emt 0:02:42]} f5 {[%emt 0:00:46]} 16. Qe2 {[%emt 0:00:24]} e4 {[%emt 0:00:15]} 17. Ne1 {[%emt 0:00:02]} Kh7 {[%emt 0:00:09]} 18. Nc2 {[%emt 0:00:06]} Be6 {[%emt 0:00:48]} 19. f3 {[%emt 0:01:16]} Nxc3 {[%emt 0:02:00]} 20. Bxc3 {[%emt 0:00:05]} Bxc3 {[%emt 0:00:03]} 21. Bxe6 {[%emt 0:00:49]} Qd2 {[%emt 0:00:50]} 22. Rce1 {[%emt 0:01:34]} Qxe2 {[%emt 0:01:18]} 23. Rxe2 {[%emt 0:00:01]} Bxb2 {[%emt 0:00:01]} 24. fxe4 {[%emt 0:00:09]} f4 {[%emt 0:00:00]} 25. e5 {[%emt 0:00:07]} g5 {[%emt 0:00:15]} 26. a4 {[%emt 0:00:33]} Ng6 {[%emt 0:00:15]} 27. Rfe1 {[%emt 0:00:34]} Rae8 {[%emt 0:00:51]} 28. Bd7 {[%emt 0:00:18]} Rxe5 {[%emt 0:00:01]} 29. Bxc6 {[%emt 0:00:02]} Rxc5 {[%emt 0:00:08]} 30. Be4 {[%emt 0:00:56]} Kg7 {[%emt 0:00:02]} 31. Rd1 {[%emt 0:00:04]} Ne5 {[%emt 0:00:25]} 32. h3 {[%emt 0:00:23]} Rc4 {[%emt 0:00:31]} 33. Ne1 {[%emt 0:00:14]} Bd4+ {[%emt 0:00:11]} 34. Kh2 {[%emt 0:00:01]} Be3 {[%emt 0:00:02]} 35. Rd5 {[%emt 0:00:17]} Rxe4 {[%emt 0:00:02]} 0-1

[Event "Polgar Challenge 2021"]
[Site "Online"]
[Date "2021.04.04"]
[Round "15.4"]
[White "Gukesh D"]
[Black "Salimova, Nurgyul"]
[Result "1-0"]
[WhiteElo "2578"]
[BlackElo "2397"]
[Annotator "ChessBase"]
[PlyCount "133"]
[EventDate "2021.04.08"]
[EventType "tourn"]
[EventCountry "NET"]
[SourceTitle "playchess.com"]
[Source "ChessBase"]
[SourceQuality "1"]
[TimeControl "600+5"]

1. e4 {[%emt 0:00:00]} c6 {[%emt 0:00:00]} 2. d4 {[%emt 0:00:00]} d5 {[%emt 0:00:00]} 3. e5 {[%emt 0:00:00]} Bf5 {[%emt 0:00:02]} 4. Nf3 {[%emt 0:00:00]} e6 {[%emt 0:00:01]} 5. Be2 {[%emt 0:00:01]} Ne7 {[%emt 0:00:02]} 6. c3 {[%emt 0:00:04]} Nd7 {[%emt 0:00:31]} 7. O-O {[%emt 0:00:09]} Ng6 {[%emt 0:00:15]} 8. Ne1 {[%emt 0:00:02]} h5 {[%emt 0:00:41]} 9. Nc2 {[%emt 0:00:03]} c5 {[%emt 0:02:07]} 10. Ne3 {[%emt 0:00:17]} Bxb1 {[%emt 0:00:07]} 11. Rxb1 {[%emt 0:00:02]} Qb6 {[%emt 0:00:20]} 12. Bxh5 {[%emt 0:00:41]} O-O-O {[%emt 0:00:41]} 13. Re1 {[%emt 0:02:50]} cxd4 {[%emt 0:00:27]} 14. cxd4 {[%emt 0:00:04]} Bb4 {[%emt 0:00:02]} 15. Rf1 {[%emt 0:00:09]} Nf4 {[%emt 0:01:07]} 16. Bf3 {[%emt 0:01:05]} Kb8 {[%emt 0:00:15]} 17. Nc2 {[%emt 0:00:27]} Ng6 {[%emt 0:00:18]} 18. Nxb4 {[%emt 0:00:40]} Qxb4 {[%emt 0:00:00]} 19. g3 {[%emt 0:00:03]} Ne7 {[%emt 0:00:52]} 20. Qd3 {[%emt 0:00:13]} Nf5 {[%emt 0:01:03]} 21. Rd1 {[%emt 0:00:03]} f6 {[%emt 0:00:13]} 22. exf6 {[%emt 0:00:23]} gxf6 {[%emt 0:00:09]} 23. Bf4+ {[%emt 0:00:13]} Ka8 {[%emt 0:00:01]} 24. Bg4 {[%emt 0:00:07]} Ng7 {[%emt 0:00:24]} 25. Rbc1 {[%emt 0:00:55]} e5 {[%emt 0:00:54]} 26. Bd2 {[%emt 0:00:12]} Qd6 {[%emt 0:00:20]} 27. Qb3 {[%emt 0:01:17]} f5 {[%emt 0:00:28]} 28. dxe5 {[%emt 0:00:17]} Nxe5 {[%emt 0:00:04]} 29. Be2 {[%emt 0:00:02]} Ne6 {[%emt 0:00:08]} 30. Ba5 {[%emt 0:00:16]} Nf4 {[%emt 0:00:33]} 31. Qe3 {[%emt 0:01:35]} Nh3+ {[%emt 0:00:17]} 32. Kf1 {[%emt 0:00:07]} Rde8 {[%emt 0:00:07]} 33. Bc7 {[%emt 0:00:04]} Qf6 {[%emt 0:00:06]} 34. Qd4 {[%emt 0:00:09]} f4 {[%emt 0:00:07]} 35. Bxe5 {[%emt 0:00:04]} Rxe5 {[%emt 0:00:02]} 36. Rc5 {[%emt 0:00:14]} fxg3 {[%emt 0:00:07]} 37. hxg3 {[%emt 0:00:03]} Ng5 {[%emt 0:00:05]} 38. Qh4 {[%emt 0:00:07]} Rf8 {[%emt 0:00:03]} 39. Qf4 {[%emt 0:00:03]} Qe7 {[%emt 0:00:04]} 40. Rdc1 {[%emt 0:00:02]} b6 {[%emt 0:00:09]} 41. Qxf8+ {[%emt 0:00:04]} Qxf8 {[%emt 0:00:02]} 42. Rc8+ {[%emt 0:00:01]} Qxc8 {[%emt 0:00:01]} 43. Rxc8+ {[%emt 0:00:00]} Kb7 {[%emt 0:00:00]} 44. Rc2 {[%emt 0:00:02]} Ne6 {[%emt 0:00:08]} 45. Rd2 {[%emt 0:00:02]} Kc6 {[%emt 0:00:09]} 46. f4 {[%emt 0:00:04]} Re3 {[%emt 0:00:02]} 47. Kf2 {[%emt 0:00:01]} d4 {[%emt 0:00:02]} 48. Bf3+ {[%emt 0:00:02]} Kc5 {[%emt 0:00:05]} 49. a3 {[%emt 0:00:18]} Rb3 {[%emt 0:00:15]} 50. Bd1 {[%emt 0:00:08]} Re3 {[%emt 0:00:02]} 51. Bg4 {[%emt 0:00:08]} Nc7 {[%emt 0:00:06]} 52. Be2 {[%emt 0:00:06]} Ne6 {[%emt 0:00:04]} 53. b4+ {[%emt 0:00:04]} Kd5 {[%emt 0:00:07]} 54. Rc2 {[%emt 0:00:17]} Rxa3 {[%emt 0:00:02]} 55. Bc4+ {[%emt 0:00:04]} Kd6 {[%emt 0:00:02]} 56. Rd2 {[%emt 0:00:01]} Rc3 {[%emt 0:00:14]} 57. Bxe6 {[%emt 0:00:04]} Kxe6 {[%emt 0:00:00]} 58. Rxd4 {[%emt 0:00:00]} Kf5 {[%emt 0:00:05]} 59. Rd5+ {[%emt 0:00:02]} Kg4 {[%emt 0:00:08]} 60. Rg5+ {[%emt 0:00:04]} Kh3 {[%emt 0:00:01]} 61. b5 {[%emt 0:00:01]} Rb3 {[%emt 0:00:06]} 62. Rg7 {[%emt 0:00:15]} Rxb5 {[%emt 0:00:05]} 63. Rh7+ {[%emt 0:00:02]} Kg4 {[%emt 0:00:02]} 64. Rh4+ {[%emt 0:00:00]} Kf5 {[%emt 0:00:03]} 65. Rh5+ {[%emt 0:00:01]} Kg4 {[%emt 0:00:01]} 66. Rxb5 {[%emt 0:00:01]} a6 {[%emt 0:00:07]} 67. Rxb6 {[%emt 0:00:01]} 1-0